|
|
|
|
| LEADER |
00000cam a2200000 c 4500 |
| 001 |
1932029230 |
| 003 |
DE-627 |
| 005 |
20260303215014.0 |
| 007 |
tu |
| 008 |
250729s2025 xxu||||| 00| ||eng c |
| 010 |
|
|
|a 2024055290
|
| 020 |
|
|
|a 9781440881343
|q HB
|
| 035 |
|
|
|a (DE-627)1932029230
|
| 035 |
|
|
|a (DE-599)KXP1932029230
|
| 040 |
|
|
|a DE-627
|b ger
|c DE-627
|e rda
|
| 041 |
|
|
|a eng
|
| 044 |
|
|
|c XD-US
|
| 050 |
|
0 |
|a HV7936.P725
|
| 082 |
0 |
|
|a 363.2/32
|q DLC
|2 23/eng/20250723
|
| 100 |
1 |
|
|a Nolan, James J.
|e VerfasserIn
|0 (DE-588)1079241639
|0 (DE-627)840670001
|0 (DE-576)452286832
|4 aut
|
| 109 |
|
|
|a Nolan, James J.
|a Nolan, James Joseph
|a Nolan, James
|a Nolan, Jim
|
| 245 |
1 |
0 |
|a Police abuse and reform in America
|b examining the facts
|c James J. Nolan, Howard Ryan, and Mackenzie Freeman
|
| 264 |
|
1 |
|a New York
|a London
|a Oxford
|a New Delhi
|a Sydney
|b Bloomsbury Academic
|c 2025
|
| 300 |
|
|
|a xiv, 200 Seiten
|b Diagramme
|
| 336 |
|
|
|a Text
|b txt
|2 rdacontent
|
| 337 |
|
|
|a ohne Hilfsmittel zu benutzen
|b n
|2 rdamedia
|
| 338 |
|
|
|a Band
|b nc
|2 rdacarrier
|
| 490 |
0 |
|
|a Contemporary debates
|
| 520 |
|
|
|a "This authoritative work provides a wide-ranging survey of police abuse and violence and its impact on American society"--
|
| 650 |
|
0 |
|a POLICE brutality
|z United States
|2 DLC
|
| 650 |
|
0 |
|a Police misconduct
|z United States
|2 DLC
|
| 650 |
|
0 |
|a Police administration
|z United States
|2 DLC
|
| 700 |
1 |
|
|a Ryan, Howard
|d 1953-
|e VerfasserIn
|0 (DE-588)1379369479
|0 (DE-627)1938879759
|4 aut
|
| 700 |
1 |
|
|a Freeman, Mackenzie
|e VerfasserIn
|0 (DE-588)1379370272
|0 (DE-627)1938880145
|4 aut
|
| 776 |
1 |
|
|z 9798216182993
|c ePDF
|
| 776 |
1 |
|
|z 9781440881350
|c eBook
|
| 856 |
4 |
2 |
|u https://swbplus.bsz-bw.de/bsz1932029230inh.htm
|m V:DE-576
|m B:DE-Frei85
|v 20251021193137
|3 Inhaltsverzeichnis
|7 1
|
| 935 |
|
|
|a mkri
|
| 951 |
|
|
|a BO
|
| ELC |
|
|
|b 1
|
| LOK |
|
|
|0 000 xxxxxcx a22 zn 4500
|
| LOK |
|
|
|0 001 475887770X
|
| LOK |
|
|
|0 003 DE-627
|
| LOK |
|
|
|0 004 1932029230
|
| LOK |
|
|
|0 005 20251020105943
|
| LOK |
|
|
|0 008 250819||||||||||||||||ger|||||||
|
| LOK |
|
|
|0 040
|a DE-Frei85
|c DE-627
|d DE-Frei85
|
| LOK |
|
|
|0 852
|a DE-Frei85
|
| LOK |
|
|
|0 852 1
|m p
|9 00
|
| LOK |
|
|
|0 938
|k p
|
| LOK |
|
|
|0 939
|a 19-08-25
|b l01
|
| ORI |
|
|
|a WA-MARC-krimdoka001.raw
|
| PDA |
|
|
|a yes
|